| 000 | 02137nam2a2200349 4500 | ||
|---|---|---|---|
| 001 | RU\NLR\bibl\1168612 | ||
| 005 | 20250615084543.0 | ||
| 010 |
_a5-88431-129-X _9300 |
||
| 035 | _a(NLR Aleph) 001155316 | ||
| 090 |
_a1503455 _c1503455 |
||
| 100 | _a20071214d2005 |||y0rusy50 ca | ||
| 101 | 0 | _arus | |
| 102 | _aRU | ||
| 105 | _aa ||||||||| | ||
| 200 | 1 |
_aУкрашения народов Сибири _e[сборник статей _fотв. ред. Л.Р. Павлинская] |
|
| 210 |
_aСанкт-Петербург _cРИО МАЭ РАН _d2005 |
||
| 215 |
_a341, [2] с. _cил. _d27 |
||
| 225 | 2 |
_aСборник Музея антропологии и этнографии _fРос. акад. наук, Музей антропологии и этнографии им. Петра Великого (Кунсткамера) _vт. 51 |
|
| 320 | _aБиблиогр. в конце ст. | ||
| 461 | 0 |
_1001RU\NLR\INFOCOMM10\1000247878 _12001#$aСборник Музея антропологии и этнографии$fРос. акад. наук, Ин-т этнографии им. Н.Н. Миклухо-Маклая$vТ. 51 _92976512 _aМузей антропологии и этнографии им. Петра Великого (Санкт-Петербург) _cСПб. _d1900 - _fРос. акад. наук, Ин-т этнографии им. Н.Н. Миклухо-Маклая _nНаука. С.-Петербург. отд-ние _tСборник Музея антропологии и этнографии _x0131-3703 _vТ. 51 |
|
| 606 | 1 |
_aПрикладное искусство _jСборники _yСибирь _91977143 _3RU\NLR\auth\66906566 |
|
| 606 | 1 |
_aУкрашения _jСборники _xЭтнографические исследования _yНароды Сибири _92538128 _3RU\NLR\auth\661502861 |
|
| 686 | _aТ52(251)-427я43 | ||
| 686 | _aЩ123(2Р5)я43 | ||
| 702 | 1 |
_aПавлинская _bЛ. Р. _gЛариса Романовна _4340 |
|
| 801 | 0 |
_aRU _bNLR _c20071214 _gRCR |
|
| 801 | 1 |
_aRU _bNLR _c20071214 |
|
| 852 |
_aNLR _jП23/1175 |
||
| 942 | _cISSUE | ||
| 980 | _aNB | ||
| 980 | _aRUSPER | ||